<?xml version="1.0" encoding="UTF-8"?>
<record
    xmlns:xsi="http://www.w3.org/2001/XMLSchema-instance"
    xsi:schemaLocation="http://www.loc.gov/MARC21/slim http://www.loc.gov/standards/marcxml/schema/MARC21slim.xsd"
    xmlns="http://www.loc.gov/MARC21/slim">

  <leader>01197nam a22001577a 4500</leader>
  <controlfield tag="003">SGT</controlfield>
  <datafield tag="020" ind1=" " ind2=" ">
    <subfield code="a">9780198076681</subfield>
  </datafield>
  <datafield tag="082" ind1=" " ind2=" ">
    <subfield code="a">658.3</subfield>
  </datafield>
  <datafield tag="100" ind1=" " ind2=" ">
    <subfield code="a">HALDAR,UDAY KUMAR</subfield>
  </datafield>
  <datafield tag="245" ind1=" " ind2=" ">
    <subfield code="a">HUMAN RESOURCE MANAGEMENT</subfield>
  </datafield>
  <datafield tag="260" ind1=" " ind2=" ">
    <subfield code="a">NEW DELHI </subfield>
    <subfield code="b">OXFORD </subfield>
    <subfield code="c">2013</subfield>
  </datafield>
  <datafield tag="300" ind1=" " ind2=" ">
    <subfield code="a">832</subfield>
  </datafield>
  <datafield tag="650" ind1=" " ind2=" ">
    <subfield code="a">HUMAN RESOURCE MANAGEMENT</subfield>
  </datafield>
  <datafield tag="653" ind1=" " ind2=" ">
    <subfield code="a">UNDERSTANDING ORGANIZATION  CHANGING BUSINESS SCENARIO &#x2014; FOCUS OF HRM  HUMAN RESOURCE MANAGEMENT - AN OVERVIEW  TALENT MANAGEMENT AND EMPLOYEE ENGAGEMENT  COMPETENCY FRAMEWORK FOR TALENT MANAGEMENT PART II: HR SYSTEMS OVERVIEW  MANPOWER PLANNING AND RECRUITMENT. INDUCTION AND PLACEMENT PERFORMANCE MANAGEMENT SYSTEM  TRAINING AND DEVELOPMENT . MULTI-SOURCE FEEDBACK . POTENTIAL APPRAISAL AND CAREER SYSTEM COMPENSATION, REWARD, INCENTIVE, WAGE SYSTEMS . SEPARATION AND BEYOND DEVELOPING WORKERS AND SUB-STAFF PART III: CONTEMPORARY ISSUES IN HRM OVERVIEW . MANAGING CHANGE . KNOWLEDGE MANAGEMENT . HRD AUDIT . CORPORATE SOCIAL RESPONSIBILITY AND ETHICS . MANAGING GLOBALIZATION . TECHNOLOGY AND HRM . WORK-LIFE BALANCE . QUALITY MANAGEMENT AND HRM: JIT, 5S, KAIZEN, SIX-SIGMA . HRM STRATEGIES AND EXPERIENCES . HRM IN VARIOUS SECTORS - DEVELOPMENT </subfield>
  </datafield>
  <datafield tag="942" ind1=" " ind2=" ">
    <subfield code="2">ddc</subfield>
    <subfield code="c">FCM</subfield>
    <subfield code="0">9</subfield>
  </datafield>
  <datafield tag="952" ind1=" " ind2=" ">
    <subfield code="0">0</subfield>
    <subfield code="1">0</subfield>
    <subfield code="2">ddc</subfield>
    <subfield code="4">0</subfield>
    <subfield code="7">1</subfield>
    <subfield code="8">CM</subfield>
    <subfield code="a">SSSL</subfield>
    <subfield code="b">SSSL</subfield>
    <subfield code="c">REF</subfield>
    <subfield code="d">2016-06-03</subfield>
    <subfield code="e">KIRTI PRKASHAN</subfield>
    <subfield code="g">495.00</subfield>
    <subfield code="i">SGTU</subfield>
    <subfield code="o">658.3</subfield>
    <subfield code="p">CM1397</subfield>
    <subfield code="r">2016-06-03 00:00:00</subfield>
    <subfield code="w">0000-00-00</subfield>
    <subfield code="y">FCM</subfield>
    <subfield code="k">3242</subfield>
  </datafield>
  <datafield tag="952" ind1=" " ind2=" ">
    <subfield code="0">0</subfield>
    <subfield code="1">0</subfield>
    <subfield code="2">ddc</subfield>
    <subfield code="4">0</subfield>
    <subfield code="7">0</subfield>
    <subfield code="8">CM</subfield>
    <subfield code="a">SSSL</subfield>
    <subfield code="b">SSSL</subfield>
    <subfield code="c">TXT</subfield>
    <subfield code="d">2016-06-03</subfield>
    <subfield code="e">KIRTI PRKASHAN</subfield>
    <subfield code="g">495.00</subfield>
    <subfield code="i">SGTU</subfield>
    <subfield code="l">7</subfield>
    <subfield code="o">658.3</subfield>
    <subfield code="p">CM1398</subfield>
    <subfield code="r">2024-05-24 00:00:00</subfield>
    <subfield code="s">2024-04-26</subfield>
    <subfield code="w">0000-00-00</subfield>
    <subfield code="y">FCM</subfield>
    <subfield code="k">3242</subfield>
  </datafield>
  <datafield tag="952" ind1=" " ind2=" ">
    <subfield code="0">0</subfield>
    <subfield code="1">0</subfield>
    <subfield code="2">ddc</subfield>
    <subfield code="4">0</subfield>
    <subfield code="7">0</subfield>
    <subfield code="8">CM</subfield>
    <subfield code="a">SSSL</subfield>
    <subfield code="b">SSSL</subfield>
    <subfield code="c">TXT</subfield>
    <subfield code="d">2016-06-03</subfield>
    <subfield code="e">KIRTI PRKASHAN</subfield>
    <subfield code="g">495.00</subfield>
    <subfield code="i">SGTU</subfield>
    <subfield code="l">3</subfield>
    <subfield code="o">658.3</subfield>
    <subfield code="p">CM1399</subfield>
    <subfield code="r">2019-05-02 00:00:00</subfield>
    <subfield code="s">2019-04-18</subfield>
    <subfield code="w">0000-00-00</subfield>
    <subfield code="y">FCM</subfield>
    <subfield code="k">3242</subfield>
  </datafield>
  <datafield tag="952" ind1=" " ind2=" ">
    <subfield code="0">0</subfield>
    <subfield code="1">0</subfield>
    <subfield code="2">ddc</subfield>
    <subfield code="4">0</subfield>
    <subfield code="7">1</subfield>
    <subfield code="8">CM</subfield>
    <subfield code="a">SSSL</subfield>
    <subfield code="b">SSSL</subfield>
    <subfield code="c">REF</subfield>
    <subfield code="d">2017-01-25</subfield>
    <subfield code="e">INDIAN PUBLISHERS &amp; DISTRIBUTORS </subfield>
    <subfield code="g">495.00</subfield>
    <subfield code="i">SGTU</subfield>
    <subfield code="o">658.3</subfield>
    <subfield code="p">CM3245</subfield>
    <subfield code="r">2017-01-25 00:00:00</subfield>
    <subfield code="w">2016-12-20</subfield>
    <subfield code="y">FCM</subfield>
    <subfield code="k">117</subfield>
  </datafield>
  <datafield tag="952" ind1=" " ind2=" ">
    <subfield code="0">0</subfield>
    <subfield code="1">0</subfield>
    <subfield code="2">ddc</subfield>
    <subfield code="4">0</subfield>
    <subfield code="7">0</subfield>
    <subfield code="8">CM</subfield>
    <subfield code="a">SSSL</subfield>
    <subfield code="b">SSSL</subfield>
    <subfield code="c">DISPLAY</subfield>
    <subfield code="d">2017-01-25</subfield>
    <subfield code="e">INDIAN PUBLISHERS &amp; DISTRIBUTORS </subfield>
    <subfield code="g">495.00</subfield>
    <subfield code="i">SGTU</subfield>
    <subfield code="l">8</subfield>
    <subfield code="o">658.3</subfield>
    <subfield code="p">CM3246</subfield>
    <subfield code="r">2026-03-28 00:00:00</subfield>
    <subfield code="s">2026-03-26</subfield>
    <subfield code="w">2016-12-20</subfield>
    <subfield code="y">FCM</subfield>
    <subfield code="k">117</subfield>
  </datafield>
  <datafield tag="999" ind1=" " ind2=" ">
    <subfield code="c">8926</subfield>
    <subfield code="d">8926</subfield>
  </datafield>
</record>
